Guess the artist by song - Statistics

General Stats
  • This quiz has been taken 24 times
  • The average score is 59 of 380
Answer Stats
Hint Answer % Correct
Bad Romance Lady Gaga
76%
Dancing Queen ABBA
71%
Chandelier Sia
62%
Lose Yourself Eminem
57%
Like A Prayer Madonna
57%
Smells Like Teen Spirit Nirvana
57%
Killer Queen Queen
57%
Umbrella Rihanna
57%
Hey Jude The Beatles
57%
Highway To Hell AC/DC
52%
Livin' On A Prayer Bon Jovi
52%
Toxic Britney Spears
52%
HUMBLE. Kendrick Lamar
52%
Take On Me A-ha
48%
Africa TOTO
48%
Rehab Amy Winehouse
43%
Do I Wanna Know? Arctic Monkeys
43%
Halo Beyoncé
43%
BIRDS OF A FEATHER Billie Eilish
43%
Levitating Dua Lipa
43%
Shape of You Ed Sheeran
43%
Jailhouse Rock Elvis Presley
43%
Sorry Justin Bieber
43%
When Doves Cry Prince
43%
Losing My Religion R.E.M.
43%
Love Story Taylor Swift
43%
Every Breath You Take The Police
43%
Paint It, Black The Rolling Stones
43%
Die For You The Weeknd
43%
Someone Like You Adele
38%
Vienna Billy Joel
38%
Dancing in the Dark Bruce Springsteen
38%
9 to 5 Dolly Parton
38%
Goodbye Yellow Brick Road Elton John
38%
That's Life Frank Sinatra
38%
Running Up That Hill Kate Bush
38%
I Was Made For Lovin' You KISS
38%
Rock With You Michael Jackson
38%
Espresso Sabrina Carpenter
38%
I Wanna Dance With Somebody Whitney Houston
38%
Can't Get Enough of Your Love, Babe Barry White
33%
Beautiful Things Benson Boone
33%
Attention Charlie Puth
33%
American Pie Don McLean
33%
American Idiot Green Day
33%
Empire State of Mind JAY-Z
33%
Messy Lola Young
33%
Don't Look Back In Anger Oasis
33%
Man I Need Olivia Dean
33%
drivers license Olivia Rodrigo
33%
Counting Stars OneRepublic
33%
What About Us P!nk
33%
Never Gonna Give You Up Rick Astley
33%
The House of the Rising Sun The Animals
33%
Big Poppa The Notorious B.I.G.
33%
FE!N Travis Scott
33%
Dear Mama Tupac
33%
Respect Aretha Franklin
29%
Total Eclipse of the Heart Bonnie Tyler
29%
Gangsta's Paradise Coolio
29%
Don't Stop Believin' Journey
29%
All of the Lights Kanye West
29%
INDUSTRY BABY Lil Nas X
29%
Numb Linkin Park
29%
Can't Hold Us Macklemore
29%
Beggin' Maneskin
29%
Ain't No Mountain High Enough Marvin Gaye
29%
Nothing Else Matters Metallica
29%
Ms. Jackson Outkast
29%
No More Tears Ozzy Osbourne
29%
West End Girls Pet Shop Boys
29%
Can't Stop Red Hot Chili Peppers
29%
Smooth Operator Sade
29%
Tainted Love Soft Cell
29%
Iris The Goo Goo Dolls
29%
Seven Nation Army The White Stripes
29%
Eyes Without A Face Billy Idol
24%
Song 2 Blur
24%
No Woman No Cry Bob Marley
24%
That's What I Like Bruno Mars
24%
Heaven Bryan Adams
24%
My Heart Will Go On Céline Dion
24%
The Next Episode Dr Dre
24%
September Earth, Wind & Fire
24%
Dreams Fleetwood Mac
24%
Everlong Foo Fighters
24%
We Are Young fun.
24%
Somebody To Love George Michael
24%
Feel Good Inc. Gorillaz
24%
No Role Modelz J. Cole
24%
Use Somebody Kings of Leon
24%
Wish You Were Here Pink Floyd
24%
No Surprises Radiohead
24%
Kiss from a Rose Seal
24%
Don't You (Forget About Me) Simple Minds
24%
Somebody Told Me The Killers
24%
Bittersweet Symphony The Verve
24%
Another Love Tom Odell
24%
Sunday Bloody Sunday U2
24%
Wake Me Up Before You Go-Go Wham!
24%
School's Out Alice Cooper
19%
More Than A Woman Bee Gees
19%
Redbone Childish Gambino
19%
Wicked Game Chris Isaak
19%
One Last Breath Creed
19%
Our House Crosby, Stills, Nash & Young
19%
Karma Chameleon Culture Club
19%
One More Time Daft Punk
19%
Space Oddity David Bowie
19%
Walk of Life Dire Straits
19%
One of These Nights Eagles
19%
Tears in Heaven Eric Clapton
19%
Pink + White Frank Ocean
19%
Shotgun George Ezra
19%
I Will Survive Gloria Gaynor
19%
Adore You Harry Styles
19%
Alone Heart
19%
It Was a Good Day Ice Cube
19%
Proud Mary Ike & Tina Turner
19%
You're Beautiful James Blunt
19%
Lover, You Should've Come Over Jeff Buckley
19%
Annie's Song John Denver
19%
Imagine John Lennon
19%
I Walk The Line Johnny Cash
19%
Can't Get You Out of My Head Kylie Minogue
19%
Video Games Lana Del Rey
19%
Whole Lotta Love Led Zeppelin
19%
Fly Away Lenny Kravitz
19%
Before You Go Lewis Capaldi
19%
Break Stuff Limp Bizkit
19%
Royals Lorde
19%
Free Bird Lynyrd Skynyrd
19%
Supermassive Black Hole Muse
19%
Welcome to the Black Parade My Chemical Romance
19%
Old Man Neil Young
19%
Stick Season Noah Kahan
19%
You Can Call Me Al Paul Simon
19%
Another Day In Paradise Phil Collins
19%
Angels Robbie Williams
19%
Do Ya Think I'm Sexy? Rod Stewart
19%
Chop Suey! System of a Down
19%
Psycho Killer Talking Heads
19%
Rock The Casbah The Clash
19%
I'm Gonna Be (500 Miles) The Proclaimers
19%
Free Fallin' Tom Petty
19%
YEAH! Usher
19%
Brown Eyed Girl Van Morrison
19%
Scream & Shout will.i.am
19%
Would? Alice in Chains
14%
This Is The Life Amy Macdonald
14%
Heather Conan Gray
14%
Sunshine of your Love Cream
14%
Fortunate Son Creedence Clearwater Revival
14%
True Colors Cyndi Lauper
14%
Enjoy The Silence Depeche Mode
14%
Where'd All The Time Go? Dr. Dog
14%
Sweet Dreams Eurythmics
14%
Bring Me To Life Evanescence
14%
That's All Genesis
14%
Sweet Child O' Mine Guns N' Roses
14%
Run To The Hills Iron Maiden
14%
Purple Haze Jimi Hendrix
14%
Somewhere Only We Know Keane
14%
Day 'N Night Kid Cudi
14%
XO Tour Lif3 Lil Uzi Vert
14%
Baggy Trousers Madness
14%
How You Remind Me Nickelback
14%
Because The Night Patti Smith
14%
Deutschland Rammstein
14%
Wind of Change Scorpions
14%
You're Still The One Shania Twain
14%
Psychosocial Slipknot
14%
I Wish Stevie Wonder
14%
The Logical Song Supertramp
14%
Shout Tears for Fears
14%
Wouldn't It Be Nice The Beach Boys
14%
Linger The Cranberries
14%
Light My Fire The Doors
14%
You Really Got Me The Kinks
14%
1979 The Smashing Pumpkins
14%
Won't Get Fooled Again The Who
14%
Fast Car Tracy Chapman
14%
Drops of Jupiter (Tell Me) Train
14%
Jump Van Halen
14%
Buddy Holly Weezer
14%
Band on the Run Wings
14%
Sharp Dressed Man ZZ Top
14%
Here Without You 3 Doors Down
10%
What's Up? 4 non Blondes
10%
Forever Young Alphaville
10%
Ventura Highway America
10%
Sabotage Beastie Boys
10%
Ain't No Sunshine Bill Withers
10%
Call Me Blondie
10%
(Don't Fear) The Reaper Blue Öyster Cult
10%
Like A Rolling Stone Bob Dylan
10%
More Than a Feeling Boston
10%
Spinter Central Cee
10%
Johnny B. Goode Chuck Berry
10%
Japanese Denim Daniel Caesar
10%
Child in Time Deep Purple
10%
Layla Derek & The Dominos
10%
Come On Eileen Dexys Midnight Runners
10%
Ordinary World Duran Duran
10%
Don't Bring Me Down Electric Light Orchestra
10%
I Want To Know What love Is Foreigner
10%
Relax (Come Fighting) Frankie Goes To Hollywood
10%
Take Me Out Franz Ferdinand
10%
Ready or Not Fugees
10%
My Sweet Lord George Harrison
10%
Crazy Gnarls Barkley
10%
Too Sweet Hozier
10%
White Rabbit Jefferson Airplane
10%
Big Yellow Taxi Joni Mitchell
10%
Walking On Sunshine Katrina & The Waves
10%
Freak on a Leash Korn
10%
Where the Wild Things Are Luke Combs
10%
Bat Out Of Hell Meat Loaf
10%
Ex-Factor Ms. Lauryn Hill
10%
99 Luftballons Nena
10%
This Town Niall Horan
10%
Don't Speak No Doubt
10%
Straight Outta Compton N.W.A.
10%
Black Pearl Jam
10%
Major Tom (Coming Home) Peter Schilling
10%
Cirlces Post Malone
10%
Killing In The Name Rage Against The Machine
10%
It Must Have Been Love Roxette
10%
Walk This Way Run-D.M.C.
10%
Smooth Santana
10%
Bridge over Troubled Water Simon & Garfunkel
10%
Black Hole Sun Soundgarden
10%
In The Army Now Status Quo
10%
Englishman in New York Sting
10%
Alors On Danse Stromae
10%
Borderline Tame Impala
10%
Lovefool The Cardigans
10%
Friday I'm in Love The Cure
10%
Fairytale of New York The Pogues
10%
The Boys Are Back In Town Thin Lizzy
10%
Semi-Charmed Life Third Eye Blind
10%
See You Again Tyler, The Creator
10%
Red Red Wine UB40
10%
Praise The Lord A$AP Rocky
5%
Hail to the King Avenged Sevenfold
5%
Family Ties Baby Keem
5%
I'm Every Woman Chaka Khan
5%
If You Leave Me Now Chicago
5%
Heaven or Las Vegas Cocteau Twins
5%
Don't Dream It's Over Crowded House
5%
(I Just) Died In Your Arms Cutting Crew
5%
Maneater Daryl Hall & John Oates
5%
The Boys of Summer Don Henley
5%
Hot Stuff Donna Summer
5%
Walking On A Dream Empire Of The Sun
5%
Dog Days Are Over Florence + The Machine
5%
Still Got The Blues Gary Moore
5%
MMMBop Hanson
5%
The Passenger Iggy Pop
5%
Virtual Insanity Jamiroquai
5%
With a Little Help From My Friends Joe Cocker
5%
Breaking The Law Judas Priest
5%
Dust In The Wind Kansas
5%
Ransom Lil Tecca
5%
The Spins Mac Miller
5%
Teardrop Massive Attack
5%
Fade Into You Mazzy Star
5%
Kids MGMT
5%
Grace Kelly MIKA
5%
Classic MKTO
5%
Porcelain Moby
5%
Love hurts Nazareth
5%
Just A Dream Nelly
5%
Blue Monday New Order
5%
You Get What You Give New Radicals
5%
(Sittin' On) the Dock of the Bay Otis Redding
5%
Fireflies Owl City
5%
Walk Pantera
5%
Sledgehammer Peter Gabriel
5%
Glory Box Portishead
5%
A Whiter Shade of Pale Procol Harum
5%
Common People Pulp
5%
No One Knows Queens Of The Stone Age
5%
Black Beatles Rae Sremmurd
5%
These Days Rudimental
5%
A Change Is Gonna Come Sam Cooke
5%
Heavy Metal Sammy Hagar
5%
Holding Back The years Simply Red
5%
Nothing Compares 2 U Sinéad O'Connor
5%
Victory Lap Skepta
5%
Dirty Work Steely Dan
5%
Interstate Love Song Stone Temple Pilots
5%
It's My Life Talk Talk
5%
Hate it or Love it The Game
5%
Naive The Kooks
5%
Self Esteem The Offspring
5%
Firestarter The Prodigy
5%
Be My Baby The Ronettes
5%
She Bangs The Drums The Stone Roses
5%
Reptilia The Strokes
5%
Rapper's Delight The Sugarhill Gang
5%
Happy Together The Turtles
5%
Dancing With Tears in my Eyes Ultravox
5%
Norf Norf Vince Staples
5%
Father and Son Yusuf / Cat Stevens
5%
a lot 21 Savage
0%
Archie, Marry Me Alvvays
0%
This Is What It Feels Like Armin van Buuren
0%
Bonita Applebum A Tribe Called Quest
0%
The Way We Were Barbra Streisand
0%
Cocao Butter Kisses Chance the Rapper
0%
GO! Common
0%
Mr. Jones Counting Crows
0%
Strange Overtones David Byrne
0%
My Own Summer (Shove It) Deftones
0%
Thank You (Not So Bad) Dido
0%
Riot! Earl Sweatshirt
0%
Rock Me Amadeus Falco
0%
I Love You Fontaines D.C.
0%
Something to Rap About Freddie Gibbs
0%
You'll Never Walk Alone Gerry & The Pacemakers
0%
Te Quiero Hombres G
0%
Jump Around House of Pain
0%
Evil Interpol
0%
Upside Down Jack Johnson
0%
If You Don't Want My Love Jalen Ngonda
0%
Don't Cry J Dilla
0%
Surround Sound JID
0%
Love Is Only A Feeling Joey Bada$$
0%
Love Will Tear Us Apart Joy Division
0%
HAZARD DUTY PAY JPEGMAFIA
0%
Ruby Kaiser Chiefs
0%
Texas Sun Khruangbin
0%
H.O.O.D KNEECAP
0%
The Model Kraftwerk
0%
Life is Beautiful Larry June
0%
All My Friends LCD Soundsystem
0%
Suzanne Leonard Cohen
0%
drive ME crazy! Lil Yachty
0%
Tutti Frutti Little Richard
0%
La Bamba Los Lobos
0%
The Show Goes On Lupe Fiasco
0%
Never Too Much Luther Vandross
0%
Love, Of Money MAVI
0%
Symphony of Destruction Megadeth
0%
Paper Planes M.I.A.
0%
Cold Little Heart Michael Kiwanuka
0%
when you sleep my bloody valentine
0%
N.Y. State of Mind Nas
0%
Amsterdam Nothing But Thieves
0%
Feather Nujabes
0%
Enola Gay Orchestral Manoeuvres in the Dark
0%
Last Request Paolo Nutini
0%
Since You Been Gone Rainbow
0%
Snot Snot
0%
Teen Age Riot Sonic Youth
0%
Murder on the Dancefloor Sophie Ellis-Bexter
0%
Two Princes Spin Doctors
0%
Marquee Moon Television
0%
Aquarius/Let The Sunshine In (The Flesh Failures) The 5th Dimension
0%
Eye in the Sky The Alan Parsons Project
0%
E. Coli The Alchemist
0%
Lonely Boy The Black Keys
0%
Top Of The World The Carpenters
0%
Drive The Cars
0%
How To Save A Life The Fray
0%
Nights In White Satin The Moody Blues
0%
Your Love The Outfield
0%
This Charming Man The Smiths
0%
My Girl The Temptations
0%
I Don't Live Here Anymore The War On Drugs
0%
The Whole of the Moon The Waterboys
0%
Safe in Your Skin Title Fight
0%
I Hope That I Don't Fall In Love With You Tom Waits
0%
BLACKOUT Turnstile
0%
Still Counting Volbeat
0%
327 Westside Gunn
0%
8 Letters Why Don't We
0%
Purple Wunderhorse
0%
Roundabout Yes
0%
No matching quizzes found
Score Distribution
Percent of People with Each Score
Percentile by Number Answered
Your Score History
You have not taken this quiz